000
00336nam a2200145Ia 4500
008
230718s9999 xx 000 0 und d
041
_a
Eng.
082
_a
345.05
_b
NAZ-C
100
_a
Nazim. S. M
245
0
_a
Code of Criminal Procedure
260
_a
Pakistan
_b
Mansoor book
_c
2004
300
_a
700
650
_a
Law
999
_c
29629
_d
29629